| 000 | 00594nam a22001937a 4500 | ||
|---|---|---|---|
| 005 | 20250207185839.0 | ||
| 008 | 250207b |||||||| |||| 00| 0 eng d | ||
| 020 | _a9780538797313 | ||
| 050 |
_aHC79 _b.E5C355 CAL |
||
| 100 | _aThomas Janet M. | ||
| 245 |
_aEnvironmental Economics: _bApplications, Policy, and Theory/ _cJanet M. Thomas & Scott J. Callan |
||
| 250 | _a5th Ed. | ||
| 260 |
_aAustralia _bCengage Learning _c2010 |
||
| 300 |
_axxix. 540p. _bill. _c25.5 cm x 20 cm |
||
| 500 | _aIncludes Index | ||
| 650 | _2Economics | ||
| 700 | _aCallan Scott J. | ||
| 942 |
_2lcc _cBK _e5th Ed. _n0 |
||
| 999 |
_c3598 _d3598 |
||